Missing Word: Pop Punk Bands A-Z Quiz Stats

 Plays Quiz Updated Oct 2, 2017

Challenge
Share
Tweet
Embed
Score 0/25 Timer 03:00
2 Plays Today
Pop Punk Band Missing Word % Correct
Fall _______ BoyOut
95.5%
Panic! at the _______Disco
94.2%
My _______ RomanceChemical
93%
Jimmy _______ WorldEat
91.5%
Boys Like _______Girls
89.5%
Plain _______ T'sWhite
88.2%
Alien _______ FarmAnt
84.6%
The All-American _______Rejects
81.8%
_______ For SoupBowling
81.4%
Generation _______X
81.2%
_______ Found GloryNew
80.5%
The Wonder _______Years
78.5%
All Time _______Low
73.5%
Pop Punk Band Missing Word % Correct
Simple _______Plan
72%
5 _______ of SummerSeconds
65.4%
_______ Year StrongFour
62.8%
We the _______Kings
55.2%
_______ MercyHave
52.1%
The Red _______ ApparatusJumpsuit
47.4%
Alkaline _______Trio
42.3%
_______ SkyVanilla
41.1%
_______ City SoundtrackMotion
38%
_______ For HireIcon
10.3%
_______ LawUnwritten
9.7%
_______ the Rock and Roll DestroyerZolof
3.9%

Today's Daily Dose

Missing Word
Madam, I'm Adam

Quick Pick
Meat vs Animal

On This Day
October 21st II

You're not logged in!

Compare scores with friends on all Sporcle quizzes.
Join for Free
OR
Log In

You Might Also Like...

Show Comments

Extras

Top Quizzes Today


Score Distribution

Your Account Isn't Verified!

In order to create a playlist on Sporcle, you need to verify the email address you used during registration. Go to your Sporcle Settings to finish the process.

Report this User

Report this user for behavior that violates our Community Guidelines.

Details: